[Event "MDA-ch"]
[Site "Kishinev"]
[Date "2021.02.20"]
[Round "1"]
[White "Pavlenko, Bogdan"]
[Black "Bargan, Victoria"]
[Result "1/2-1/2"]
[WhiteElo "2099"]
[BlackElo "1542"]
[PlyCount "80"]
[EventDate "2021.02.20"]
[EventType "swiss"]
[EventRounds "9"]
[EventCountry "MDA"]
[SourceTitle "EXT 2022"]
[Source "ChessBase"]
[SourceDate "2021.10.06"]
[SourceVersion "1"]
[SourceVersionDate "2021.10.06"]
[SourceQuality "1"]

1. g3 d5 2. Nf3 c6 3. Bg2 Nf6 4. 0-0 Bf5 5. d3 e6 6. c4 Be7 7. Be3 dxc4 8. dxc4 Qxd1 9. Rxd1 0-0 10. Nc3 Nbd7 11. Nd4 Ne5 12. Nxf5 exf5 13. b3 Neg4 14. Bf4 Bc5 15. e3 Rfe8 16. Na4 Bf8 17. Bd6 Bxd6 18. Rxd6 Ne4 19. Bxe4 fxe4 20. Rad1 f5 21. Nc5 Re7 22. Rd7 Rxd7 23. Rxd7 b6 24. Ne6 g6 25. Ng5 Ne5 26. Re7 Nf3+ 27. Nxf3 exf3 28. Rd7 c5 29. Kf1 a6 30. Ke1 b5 31. Kd2 bxc4 32. bxc4 Rb8 33. Kc3 Rb1 34. h4 Rf1 35. Rd2 Kg7 36. Kd3 Rc1 37. e4 fxe4+ 38. Kxe4 Rxc4+ 39. Kxf3 a5 40. Ke3 Kf6 1/2-1/2

[Event "Arad op 12th"]
[Site "Arad"]
[Date "2019.07.27"]
[Round "5"]
[White "Pavlenko, Bogdan"]
[Black "Talmaci, Chiril"]
[Result "1-0"]
[WhiteElo "2164"]
[BlackElo "1731"]
[PlyCount "57"]
[EventDate "2019.07.24"]
[EventType "swiss"]
[EventRounds "9"]
[EventCountry "ROU"]
[SourceTitle "CBM 191 Extra"]
[Source "ChessBase"]
[SourceDate "2019.09.30"]
[SourceVersion "1"]
[SourceVersionDate "2019.09.30"]
[SourceQuality "1"]

1. g3 d5 2. Nf3 Nf6 3. Bg2 Bf5 4. 0-0 e6 5. d3 h6 6. c4 c6 7. Be3 Nbd7 8. Qb3 Qb8 9. Bf4 e5 10. Nxe5 Nxe5 11. d4 dxc4 12. Qa4 Nfd7 13. dxe5 Nb6 14. Qa5 Be6 15. Nc3 Be7 16. e4 Nd7 17. Nd5 Bd8 18. Qa3 g5 19. Bd2 cxd5 20. exd5 Bf5 21. Bc3 Rg8 22. Rfe1 Rg6 23. Rad1 Qc8 24. e6 fxe6 25. dxe6 Nb6 26. e7 Bc7 27. Rd8+ Qxd8 28. exd8Q+ Kxd8 29. Qf8+ 1-0

[Event "MDA-ch"]
[Site "Kishinev"]
[Date "2019.02.01"]
[Round "3"]
[White "Pavlenko, Bogdan"]
[Black "Cerbulenco, Liviu"]
[Result "0-1"]
[WhiteElo "2182"]
[BlackElo "2267"]
[PlyCount "80"]
[EventDate "2019.01.30"]
[EventType "tourn"]
[EventRounds "9"]
[EventCountry "MDA"]
[EventCategory "6"]
[SourceTitle "CBM 188 Extra"]
[Source "ChessBase"]
[SourceDate "2019.02.26"]
[SourceVersion "1"]
[SourceVersionDate "2019.02.26"]
[SourceQuality "1"]

1. g3 d5 2. Nf3 Nf6 3. Bg2 Bf5 4. 0-0 e6 5. d3 h6 6. c4 c6 7. Be3 Nbd7 8. Qb3 Qb8 9. cxd5 exd5 10. Nc3 Bd6 11. Rac1 0-0 12. Rfe1 Re8 13. Bd4 Bh7 14. Na4 Re7 15. Nc5 Nxc5 16. Bxc5 Bxc5 17. Rxc5 Qd6 18. d4 Rae8 19. e3 Ne4 20. Rcc1 Qf6 21. Re2 Nd6 22. Ne5 Qe6 23. Qd1 Bf5 24. Re1 g5 25. b3 Kg7 26. f3 f6 27. Nd3 Bxd3 28. Qxd3 g4 29. Rcd1 h5 30. Rd2 h4 31. gxh4 Rh8 32. Rf2 Rxh4 33. fxg4 Rxg4 34. Kh1 Rg6 35. Rf3 Rh6 36. Ref1 Ne4 37. Kg1 Kf8 38. Rf5 Rg7 39. Qe2 Kg8 40. R5f2 Qh3 0-1

[Event "MDA-ch"]
[Site "Kishinev"]
[Date "2019.01.30"]
[Round "1"]
[White "Pavlenko, Bogdan"]
[Black "Macovei, Andrei"]
[Result "0-1"]
[WhiteElo "2182"]
[BlackElo "2425"]
[PlyCount "71"]
[EventDate "2019.01.30"]
[EventType "tourn"]
[EventRounds "9"]
[EventCountry "MDA"]
[EventCategory "6"]
[SourceTitle "CBM 188 Extra"]
[Source "ChessBase"]
[SourceDate "2019.02.26"]
[SourceVersion "1"]
[SourceVersionDate "2019.02.26"]
[SourceQuality "1"]

1. g3 e5 2. Bg2 Nf6 3. c4 Nc6 4. Nc3 Bb4 5. Nd5 0-0 6. Nxb4 Nxb4 7. d3 c5 8. Nf3 Nc6 9. 0-0 d5 10. cxd5 Nxd5 11. b3 f6 12. Bb2 Be6 13. Rc1 b6 14. a3 Qd7 15. Re1 Rac8 16. e3 Rfe8 17. Qc2 Qf7 18. Nd2 Red8 19. Qb1 Qd7 20. Qa1 Nde7 21. Bf1 Bh3 22. Be2 Qd5 23. f3 Qd7 24. g4 h5 25. gxh5 Qf5 26. Ne4 Qxh5 27. Kh1 Qh6 28. Rg1 Nf5 29. f4 Re8 30. b4 Nxe3 31. fxe5 Nxe5 32. Nd6 N3g4 33. Bxg4 Nxg4 34. Rc2 Qf4 35. Nxe8 Qf3+ 36. Rgg2 0-1

[Event "MDA-ch"]
[Site "Kishinev"]
[Date "2009.01.27"]
[Round "12"]
[White "Hamitevici, Vladimir"]
[Black "Pavlenko, Bogdan"]
[Result "1-0"]
[WhiteElo "2406"]
[BlackElo "2254"]
[PlyCount "101"]
[EventDate "2009.01.16"]
[EventType "tourn"]
[EventRounds "13"]
[EventCountry "MDA"]
[EventCategory "3"]
[SourceTitle "EXT 2010"]
[Source "ChessBase"]
[SourceDate "2010.11.25"]
[SourceVersion "1"]
[SourceVersionDate "2010.11.25"]
[SourceQuality "1"]

1. e4 g6 2. d4 Bg7 3. Nc3 c6 4. Be3 d5 5. f3 dxe4 6. fxe4 Nf6 7. Nf3 Qb6 8. Qd2 Qxb2 9. Rb1 Qa3 10. Bc4 0-0 11. e5 Nd5 12. Nxd5 cxd5 13. Bxd5 Nc6 14. 0-0 Qa5 15. Qxa5 Nxa5 16. Bg5 Re8 17. Bd2 e6 18. Be4 Nc4 19. Bxb7 Bxb7 20. Rxb7 Rab8 21. Rfb1 Rxb7 22. Rxb7 Rc8 23. Bf4 a5 24. Ng5 Bh6 25. g3 Bxg5 26. Bxg5 Na3 27. c3 Rxc3 28. Be7 h6 29. g4 g5 30. Rb8+ Kh7 31. Bf6 Rc1+ 32. Kg2 Rc2+ 33. Kf3 Rxh2 34. Rh8+ Kg6 35. Rg8+ Kh7 36. Rg7+ Kh8 37. Rxg5+ Kh7 38. Rg7+ Kh8 39. Rxf7+ Kg8 40. Rg7+ Kf8 41. Ra7 Nb5 42. Rxa5 Nxd4+ 43. Kg3 Rc2 44. Ra8+ Kf7 45. Ra7+ Ke8 46. a4 Nc6 47. Rc7 Rc4 48. Kh4 Na5 49. Rxc4 Nxc4 50. Kh5 Ne3 51. Bg7 1-0

[Event "MDA-ch"]
[Site "Kishinev"]
[Date "2009.01.26"]
[Round "11"]
[White "Pavlenko, Bogdan"]
[Black "Martemianov, Iaroslav"]
[Result "1-0"]
[WhiteElo "2254"]
[BlackElo "2387"]
[PlyCount "75"]
[EventDate "2009.01.16"]
[EventType "tourn"]
[EventRounds "13"]
[EventCountry "MDA"]
[EventCategory "3"]
[SourceTitle "EXT 2010"]
[Source "ChessBase"]
[SourceDate "2010.11.25"]
[SourceVersion "1"]
[SourceVersionDate "2010.11.25"]
[SourceQuality "1"]

1. e4 c5 2. Nf3 a6 3. c4 d6 4. d4 cxd4 5. Nxd4 Nf6 6. Nc3 e6 7. Be2 Be7 8. Be3 0-0 9. 0-0 b6 10. Qd2 Bb7 11. f3 Nbd7 12. Rfd1 Rc8 13. Rac1 Qc7 14. b3 Rfd8 15. Bf1 Qb8 16. Qf2 Qa8 17. Kh1 Nc5 18. Qg3 Kh8 19. Rd2 Bxe4 20. fxe4 Ncxe4 21. Nxe4 Nxe4 22. Qh3 Nxd2 23. Bxd2 d5 24. Bd3 g6 25. Nxe6 fxe6 26. Bxg6 Bh4 27. Qxh4 Qb7 28. Bc3+ Kg8 29. Qd4 e5 30. Qxe5 d4 31. Be4 Qf7 32. Bxd4 Kf8 33. Bxb6 Re8 34. Bc5+ Kg8 35. Qg5+ Qg7 36. Bd5+ Kh8 37. Qxg7+ Kxg7 38. Bd4+ 1-0

[Event "MDA-ch"]
[Site "Kishinev"]
[Date "2009.01.24"]
[Round "9"]
[White "Pavlenko, Bogdan"]
[Black "Bargan, Sergei"]
[Result "1-0"]
[WhiteElo "2254"]
[BlackElo "2327"]
[PlyCount "83"]
[EventDate "2009.01.16"]
[EventType "tourn"]
[EventRounds "13"]
[EventCountry "MDA"]
[EventCategory "3"]
[SourceTitle "EXT 2010"]
[Source "ChessBase"]
[SourceDate "2010.11.25"]
[SourceVersion "1"]
[SourceVersionDate "2010.11.25"]
[SourceQuality "1"]

1. Nf3 c5 2. g3 Nc6 3. c4 g6 4. Nc3 d6 5. Bg2 Bg7 6. 0-0 Nf6 7. d3 0-0 8. a3 h6 9. Rb1 d5 10. cxd5 Nxd5 11. Bd2 Be6 12. Nxd5 Bxd5 13. Qc1 Bxf3 14. Bxf3 Nd4 15. Bxh6 Nxf3+ 16. exf3 Bxh6 17. Qxh6 Qxd3 18. Kg2 Rad8 19. Rfe1 Rd5 20. Rbc1 e6 21. h4 b6 22. Rcd1 Qf5 23. g4 Qf6 24. h5 Rfd8 25. Rxd5 Rxd5 26. hxg6 fxg6 27. Qe3 Kf7 28. Qe4 Rd4 29. Qb7+ Qe7 30. Qb8 Rd8 31. Qe5 Qd6 32. Qg5 Qd2 33. Re3 Rd5 34. Qf4+ Ke7 35. Qe4 e5 36. Qxg6 Qxb2 37. f4 Kd7 38. f5 Rd2 39. Qe6+ Kd8 40. Rf3 Qd4 41. f6 e4 42. Rf4 1-0

[Event "MDA-ch"]
[Site "Kishinev"]
[Date "2009.01.22"]
[Round "7"]
[White "Pavlenko, Bogdan"]
[Black "Vedmediuc, Serghei"]
[Result "1/2-1/2"]
[WhiteElo "2254"]
[BlackElo "2414"]
[PlyCount "24"]
[EventDate "2009.01.16"]
[EventType "tourn"]
[EventRounds "13"]
[EventCountry "MDA"]
[EventCategory "3"]
[SourceTitle "EXT 2010"]
[Source "ChessBase"]
[SourceDate "2010.11.25"]
[SourceVersion "1"]
[SourceVersionDate "2010.11.25"]
[SourceQuality "1"]

1. Nf3 c5 2. c4 Nc6 3. g3 g6 4. Bg2 Bg7 5. Nc3 e6 6. e3 Nge7 7. d4 cxd4 8. Nxd4 Nxd4 9. exd4 d6 10. 0-0 0-0 11. d5 Qb6 12. Qb3 exd5 1/2-1/2

[Event "MDA-ch"]
[Site "Kishinev"]
[Date "2009.01.21"]
[Round "6"]
[White "Agafii, Victor"]
[Black "Pavlenko, Bogdan"]
[Result "1/2-1/2"]
[WhiteElo "2260"]
[BlackElo "2254"]
[PlyCount "42"]
[EventDate "2009.01.16"]
[EventType "tourn"]
[EventRounds "13"]
[EventCountry "MDA"]
[EventCategory "3"]
[SourceTitle "EXT 2010"]
[Source "ChessBase"]
[SourceDate "2010.11.25"]
[SourceVersion "1"]
[SourceVersionDate "2010.11.25"]
[SourceQuality "1"]

1. d4 d6 2. e4 Nf6 3. f3 g6 4. c4 Bg7 5. Nc3 0-0 6. Be3 Nbd7 7. Qd2 c5 8. d5 a6 9. a4 Qa5 10. Ra3 Ne5 11. Qc2 e6 12. f4 Ned7 13. Be2 Re8 14. Kf2 exd5 15. exd5 Nf8 16. h3 Bf5 17. Bd3 Bxd3 18. Qxd3 Re7 19. Nf3 Rae8 20. Re1 Qb4 21. Nd2 Qb6 1/2-1/2

[Event "Chervonograd IM-B"]
[Site "Chervonograd"]
[Date "2008.11.09"]
[Round "14"]
[White "Pavlenko, Bogdan"]
[Black "Stetsko, Lanita"]
[Result "1/2-1/2"]
[WhiteElo "2309"]
[BlackElo "2042"]
[PlyCount "23"]
[EventDate "2008.11.01"]
[EventType "tourn"]
[EventRounds "15"]
[EventCountry "UKR"]
[EventCategory "3"]
[SourceTitle "EXT 2009"]
[Source "ChessBase"]
[SourceDate "2008.11.26"]
[SourceVersion "1"]
[SourceVersionDate "2008.11.26"]
[SourceQuality "1"]

1. e4 e5 2. Nf3 Nf6 3. Nxe5 d6 4. Nf3 Nxe4 5. Nc3 Nxc3 6. dxc3 Be7 7. Bf4 0-0 8. Qd2 Nd7 9. 0-0-0 Nc5 10. Bd3 Nxd3+ 11. Qxd3 Be6 12. Kb1 1/2-1/2

[Event "Chervonograd IM-B"]
[Site "Chervonograd"]
[Date "2008.11.05"]
[Round "7"]
[White "Odnorozhenko, Evgenyi"]
[Black "Pavlenko, Bogdan"]
[Result "1/2-1/2"]
[WhiteElo "2399"]
[BlackElo "2309"]
[PlyCount "21"]
[EventDate "2008.11.01"]
[EventType "tourn"]
[EventRounds "15"]
[EventCountry "UKR"]
[EventCategory "3"]
[SourceTitle "EXT 2009"]
[Source "ChessBase"]
[SourceDate "2008.11.26"]
[SourceVersion "1"]
[SourceVersionDate "2008.11.26"]
[SourceQuality "1"]

1. d4 d6 2. c4 e5 3. Nf3 e4 4. Ng1 f5 5. Nc3 Nf6 6. Bg5 c6 7. e3 Be7 8. Nh3 0-0 9. Nf4 Na6 10. Be2 Nc7 11. Qb3 1/2-1/2

[Event "Chervonograd IM-B"]
[Site "Chervonograd"]
[Date "2008.11.03"]
[Round "4"]
[White "Pavlenko, Bogdan"]
[Black "Meleshko, Vladimir"]
[Result "1/2-1/2"]
[WhiteElo "2309"]
[BlackElo "2151"]
[PlyCount "62"]
[EventDate "2008.11.01"]
[EventType "tourn"]
[EventRounds "15"]
[EventCountry "UKR"]
[EventCategory "3"]
[SourceTitle "EXT 2009"]
[Source "ChessBase"]
[SourceDate "2008.11.26"]
[SourceVersion "1"]
[SourceVersionDate "2008.11.26"]
[SourceQuality "1"]

1. e4 c5 2. Nf3 Nc6 3. Bb5 g6 4. Bxc6 dxc6 5. d3 Bg7 6. Nc3 Nf6 7. Be3 b6 8. h3 0-0 9. Qd2 Bh8 10. 0-0 Ne8 11. Nh2 e5 12. f4 exf4 13. Rxf4 Qd6 14. Rf2 Be5 15. Nf3 Bg3 16. Rff1 f5 17. exf5 Bxf5 18. Ne2 Be6 19. Nxg3 Qxg3 20. Ng5 Ng7 21. Bf4 Qh4 22. Ne4 Qd8 23. Be5 Bf5 24. Qc3 Bxe4 25. Bxg7 Rxf1+ 26. Rxf1 Bf5 27. Re1 Qd7 28. Bf6 Re8 29. Rxe8+ Qxe8 30. Qe5 Qxe5 31. Bxe5 c4 1/2-1/2

[Event "Chervonograd IM-B"]
[Site "Chervonograd"]
[Date "2008.11.01"]
[Round "1"]
[White "Pavlenko, Bogdan"]
[Black "Luzhinsky, Vitaly"]
[Result "0-1"]
[WhiteElo "2309"]
[BlackElo "2329"]
[PlyCount "70"]
[EventDate "2008.11.01"]
[EventType "tourn"]
[EventRounds "15"]
[EventCountry "UKR"]
[EventCategory "3"]
[SourceTitle "EXT 2009"]
[Source "ChessBase"]
[SourceDate "2008.11.26"]
[SourceVersion "1"]
[SourceVersionDate "2008.11.26"]
[SourceQuality "1"]

1. g3 c5 2. Nf3 b6 3. Bg2 Bb7 4. c4 Nf6 5. Nc3 g6 6. 0-0 Bg7 7. d3 0-0 8. e4 d6 9. Re1 Nc6 10. h3 Nd7 11. Be3 e5 12. Nh4 Nd4 13. Bxd4 cxd4 14. Nd5 Nf6 15. Nxf6+ Bxf6 16. Nf3 Bg7 17. Nd2 f5 18. exf5 Bxg2 19. Kxg2 gxf5 20. Qf3 Kh8 21. Re2 Qf6 22. a4 Rae8 23. a5 Qd8 24. Qd5 Re7 25. Ra3 Ref7 26. Re1 bxa5 27. Rxa5 e4 28. dxe4 f4 29. Rf1 fxg3 30. fxg3 Rxf1 31. Nxf1 Be5 32. Rxa7 Qf6 33. Ra1 Qf3+ 34. Kh2 Rg8 35. Ra8 Bxg3+ 0-1

[Event "Kishinev ULIM op"]
[Site "Kishinev"]
[Date "2007.10.10"]
[Round "5"]
[White "Stavila, Irina"]
[Black "Pavlenko, Bogdan"]
[Result "0-1"]
[WhiteElo "1959"]
[BlackElo "2240"]
[PlyCount "70"]
[EventDate "2007.10.06"]
[EventType "swiss"]
[EventRounds "9"]
[EventCountry "MDA"]
[SourceTitle "EXT 2008"]
[Source "ChessBase"]
[SourceDate "2007.11.25"]
[SourceVersion "1"]
[SourceVersionDate "2007.11.25"]
[SourceQuality "1"]

1. c4 e5 2. Nc3 Nf6 3. e4 Bc5 4. g3 c6 5. Bg2 0-0 6. Nge2 d6 7. 0-0 Be6 8. b3 d5 9. exd5 cxd5 10. d4 exd4 11. Nxd4 Bg4 12. Nde2 Nc6 13. cxd5 Ne5 14. h3 Bh5 15. Bb2 Re8 16. Kh1 Qd7 17. Qd2 Bf3 18. Nf4 g5 19. Ne6 fxe6 20. Qxg5+ Kf7 21. Bxf3 Nxf3 22. Qf4 exd5 23. Qxf3 Qxh3+ 24. Kg1 Qg4 25. Qg2 Ne4 26. Nxe4 dxe4 27. Kh2 Re6 28. Rad1 Rh6+ 29. Kg1 Re8 30. Rd5 Bb6 31. Rfd1 Rh3 32. Kf1 Re7 33. Ba3 e3 34. fxe3 Rxg3 35. Qf2+ Rf3 0-1

[Event "Kishinev ULIM op"]
[Site "Kishinev"]
[Date "2007.10.06"]
[Round "1"]
[White "Moraru Straliuc, Andrei"]
[Black "Pavlenko, Bogdan"]
[Result "0-1"]
[WhiteElo "1831"]
[BlackElo "2240"]
[PlyCount "34"]
[EventDate "2007.10.06"]
[EventType "swiss"]
[EventRounds "9"]
[EventCountry "MDA"]
[SourceTitle "EXT 2008"]
[Source "ChessBase"]
[SourceDate "2007.11.25"]
[SourceVersion "1"]
[SourceVersionDate "2007.11.25"]
[SourceQuality "1"]

1. e4 g6 2. d4 Bg7 3. Nf3 d6 4. Bc4 Nf6 5. Nc3 0-0 6. Be3 c6 7. Qd2 d5 8. exd5 cxd5 9. Bd3 Nc6 10. Bb5 Bg4 11. Nh4 e5 12. Bxc6 bxc6 13. dxe5 Nd7 14. Nf3 Bxf3 15. gxf3 Nxe5 16. Qd1 d4 17. Bxd4 Qxd4 0-1

[Event "Kishinev ULIM Cup"]
[Site "Kishinev"]
[Date "2001.10.09"]
[Round "3"]
[White "Bets, Anatolij"]
[Black "Pavlenko, Bogdan"]
[Result "1/2-1/2"]
[WhiteElo "2376"]
[BlackElo "2292"]
[PlyCount "35"]
[EventDate "2001.10.07"]
[EventType "swiss"]
[EventRounds "9"]
[EventCountry "MDA"]
[SourceTitle "EXT 2002"]
[Source "ChessBase"]
[SourceDate "2001.11.25"]
[SourceVersion "1"]
[SourceVersionDate "2001.11.25"]
[SourceQuality "1"]

1. d4 d6 2. Nf3 Nf6 3. c4 Nbd7 4. Nc3 c6 5. e4 e5 6. Be2 Be7 7. 0-0 0-0 8. Qc2 a6 9. Rd1 Qc7 10. Bg5 h6 11. Be3 b5 12. cxb5 cxb5 13. Rac1 Qb7 14. h3 Re8 15. d5 Nb6 16. Nd2 Bd7 17. b3 Rec8 18. Qb2 1/2-1/2

[Event "Centrocoop June op-A"]
[Site "Eforie Nord "]
[Date "1998.??.??"]
[Round "?"]
[White "Pavlenko, Bogdan"]
[Black "Khokhlov, Viacheslav"]
[Result "1-0"]
[WhiteElo "2275"]
[BlackElo "2175"]
[PlyCount "37"]
[EventDate "1998.06.??"]
[EventType "swiss"]
[EventRounds "11"]
[EventCountry "ROU"]
[SourceTitle "EXT 2000"]
[Source "ChessBase"]
[SourceDate "1999.11.16"]
[SourceVersion "1"]
[SourceVersionDate "1999.11.16"]
[SourceQuality "1"]

1. e4 d6 2. d4 g6 3. Nc3 Bg7 4. g3 c6 5. Bg2 Nd7 6. Nge2 Qb6 7. Rb1 h5 8. h3 Nf8 9. Be3 Qc7 10. a4 e5 11. Qd2 Nf6 12. f4 Ne6 13. fxe5 dxe5 14. d5 cxd5 15. exd5 Nd4 16. Bxd4 exd4 17. Nb5 Qd8 18. Qb4 a6 19. Nbxd4 1-0